000 00747nab a22002297a 4500
001 09605
003 HDC
007 cr bn ---aaaaa
008 210128c20120301my ||||| |||| 00| 00may d
040 _aHDC
245 0 _aMatrade anjur, promosikan MIHAS bulan April ini:
_bLuaskan capaian pasaran halal
336 _atext
_2rdacontent
337 _acomputer
_2rdamedia
338 _aonline resource
_2rdacarrier
650 _aFestival
_99231
650 _aHalal food industry
_9128
710 _aUtusan Malaysia
856 _zRequest full-text at [email protected]
942 _2lcc
942 _cNEWS
942 _kNWSC 004037
999 _c6928
_d6928